| 000 | 00448 a2200145 4500 | ||
|---|---|---|---|
| 005 | 20250625091056.0 | ||
| 020 | _a0-7517-2146-8 | ||
| 082 | _a658.15CHA | ||
| 111 | _aPROFESSIONAL EDUCATION (BPP) | ||
| 245 | _aManagerial Paper P8, Financial Analysis | ||
| 250 | _a10th Ed. | ||
| 260 |
_aLondon, _bBritish Library Cataloging-In- Publication Data, _c2005. |
||
| 300 |
_axxiv.; 228p.; ill, figure, picture _b Glossary, Index, _c29cm. |
||
| 942 |
_2ddc _cBKS |
||
| 999 |
_c4966 _d4966 |
||